000 02510cam a22005054i 4500
003 PE-LiUPU
005 20250731173052.0
008 180226s2016 ne rb 001 0 eng d
020 _a9789004309791
035 _a(Sirsi) a241387
040 _aPE-LiUPU
_bspa
_cPE-LiUPU
_erda
049 _aPRUA
082 0 4 _a284.3
_bC7
_223
100 1 _aHornbeck, J. Patrick,
_d1982-
_eautor.
245 1 2 _aA companion to Lollardy /
_cby J. Patrick Hornbeck II, with Mishtooni Bose, Fiona Somerset.
264 1 _aLeiden :
_bBrill,
_c2016.
300 _ax, 251 páginas ;
_c25 centímetros.
336 _atext
_2rdacontent
337 _aunmediated
_2rdamedia
338 _avolume
_2rdacarrier
490 1 _aBrill's Companions to the Christian Tradition ;
_vvolume 67
504 _aBibliografía : páginas 214-241.
504 _aÍndices: páginas 242-251.
505 0 _aIntroduction : the study of Lollardy -- The people -- Their practices -- Their writings / Fiona Somerset -- Their beliefs -- Their opponents / Mishtooni Bose -- Their trials -- Their afterlife.
520 _aThe last twenty-five years have seen an explosion of scholarly studies on lollardy, the late medieval religious phenomenon that has often been credited with inspiring the English Reformation. In 'A companion to Lollardy', Patrick Hornbeck sums up what we know about lollardy and what have been its fortunes in the hands of its most recent chroniclers. This volume describes trends in the study of lollardy and explores the many individuals, practices, texts, and beliefs that have been called lollard. 00Joined by Mishtooni Bose and Fiona Somerset, Hornbeck assesses how scholars and polemicists, literary critics and ecclesiastics have defined lollardy and evaluated its significance, showing how lollardy has served as a window on religion, culture, and society in late medieval England.
526 _aSEG42
526 _aSEG41
526 _aSEG40
526 _aSEG39
526 _aP94
526 _aP87
526 _aP86
526 _aP85
526 _aP77
526 _aP76
526 _aP35
650 0 _aLollards.
650 0 _aLolardismo.
910 _adbm
_bjpc
_cjpc
_d20180226
942 _2ddc
_cBOOK
994 _aC0
_bPEPRU
596 _a1
999 _a284.3 C7
_wDEWEY
_c27024
_i77031
_f2021-11-11
_g6
_lCCODEBUL1
_mBUL
_p159.00
_r0
_sY
_tBOOK
_u2018-2-26
_xTEOLOGIA
_PP35
_0DONACION
_o.STAFF. Colección Teología
_d27024
980 _81
_gALBERTO SANCHEZ Responsable de Automatización